000 00379nam a2200145 a 4500
005 20140412111236.0
008 100121s19uu xx 00 eng d
020 _a1-57064-454-3
050 _aER
_bB45 1999
100 _aBernthal, Mark
245 _aBarney's book of colors /
_cMark Bernthal.
260 _aNew York :
_bScholastic,
_c1999.
650 _aColors
999 _c102435
_d102435